Sovereignty, Rights and Justice : (Record no. 617176)

MARC details
000 -LEADER
fixed length control field 00512nam a2200193 a 4500
008 - FIXED-LENGTH DATA ELEMENTS--GENERAL INFORMATION
fixed length control field 260307s2002##################000#0#eng##
020 ## - INTERNATIONAL STANDARD BOOK NUMBER
ISBN 9780745623030
082 04 - DEWEY DECIMAL CLASSIFICATION NUMBER
Classification number 327.01
Item number BRO
100 1# - MAIN ENTRY--AUTHOR NAME
Personal name Brown, Chris,
245 10 - TITLE STATEMENT
Title Sovereignty, Rights and Justice :
260 ## - PUBLICATION, DISTRIBUTION, ETC. (IMPRINT)
Name of publisher Blackwell Publishing,
Year of publication 2002.
300 ## - PHYSICAL DESCRIPTION
Number of Pages 276 pages
650 #0 - SUBJECT ADDED ENTRY--TOPICAL TERM
Topical Term Political Science.
942 ## - ADDED ENTRY ELEMENTS (KOHA)
Koha item type English Books
Holdings
Withdrawn status Lost status Damaged status Not for loan Home library Current library Shelving location Date acquired Full call number Accession Number Price effective from Koha item type
        Anna Centenary Library Anna Centenary Library 3RD FLOOR, B WING 07.03.2026 327.01 BRO 132660 07.03.2026 English Books

Find us on the map